LEADER 01686nam a2200277 i 4500 001 000000057901 003 CaOOAMICUS 005 20250224092523.0 008 130515s1808 it u000 u lat u 013 $a29073 026 $as,e- t-el o-e- mezi (3) 1808 (R) 040 $aSeMil$bita 110 2 $aSanta Sede : Congregazione delle Cause dei Santi.$0(OLS)http://semarc/name/399 245 10$aSacra rituum Congregatione Emo & Rmo Domino cardinali Matthaeio episcopo Praenestino Taurinen., seu Neapolitana beatificationis, & canonizationis servae Dei Mariae Clotildis Adelaidis Xaveriae reginae Sardiniae. Positio super introductione causae. 260 $aRomae :$bApud Lazarinum Rev. Cam. Apost. typographum,$c1808. 300 $a[1], 169, [3], 14, [2], 35, [1] p. ;$cfol. 500 $aFregio xilogr. sul front. 500 $aSegn.: pg1 A-V4 X6 A-B4 A-C4 D6 600 04$aMaria Clotilde : di Borbone-Francia .$0(OLS)http://semarc/subject/3739 650 4$aSanti - Canonizzazione.$0(OLS)http://semarc/subject/1571 710 0 $aLazzarini$c.$0(OLS)http://semarc/name/109966 850 $aSeMil 852 $aSeMil$W1$xVenegono$y1$m2I VI 5 FA$j24055$B24055$CSeMilBibl$Z2$F24057 $8I 996 $6245$aSacra rituum Congregatione Emo & Rmo Domino cardinali Matthaeio episcopo Praenestino Taurinen., seu Neapolitana beatificationis, & canonizationis servae Dei Mariae Clotildis Adelaidis Xaveriae reginae Sardiniae. Positio super introductione causae$9(OLS)http://semarc/title/90153 996 $6260$aRomae :$bApud Lazarinum Rev. Cam. Apost. typographum$9(OLS)http://semarc/publisher/41849 LEADER 01012nas a2200229 i 4500 001 000000111024 003 CaOOAMICUS 005 20050601000000.0 008 050601b2004 sp uu u0 0spa r 013 $a83705 040 $aSeMil$bita 240 10$aSección de Ciencias Eclesiásticas.$0(OLS)http://semarc/title/161476 245 10$a2004 : Enero-Junio. 260 $aSantiago de Compostela :$bArchidiócesis de Santiago de Compostela,$c2004. 300 $a371 p. ;$c24 cm. 500 $aSul verso del front. : La publicación de este volumen ha sido patrocinada por la Fundación Caixa Galicia. 700 1 $aFundación Caixa Galicia .$0(OLS)http://semarc/name/30153 850 $aSeMil 852 $aSeMil$W1$xVenegono$y1$m114 6 53$j66859$B66859$CSeMilBibl$Z2$F98663 $85 961 $aCambio: Scuola Cattolica 996 $6245$a2004 : Enero-Junio$9(OLS)http://semarc/title/161475 996 $6260$aSantiago de Compostela :$bArchidiócesis de Santiago de Compostela$9(OLS)http://semarc/publisher/31087